• 首页
  • 本馆介绍
  • 公告通知
  • 最新文献
  • 馆藏检索
  • 电子资源
  • 读者导购
  • 参考咨询
  • 我的图书馆
  • 登录
  • 详细信息显示
  • 放入我的书架
  • 预约/预借图书
  • 作者相关作品
  • 分类相关作品
  • 丛书相关作品
  • 出版社相关作品

书目信息

  • 表格格式
  • 工作单格式
  • 卡片格式
题名:
六步画水彩
    
 
作者: 陈晓杰 主编 ;夏在希 著
分册:   温馨生活日常绘
出版信息: 南京   江苏凤凰科学技术出版社  2019
页数: 135页
开本: 23cm
丛书名:
单 册:
中图分类: J215
科图分类:
主题词: 水彩画--绘画技法
电子资源:
ISBN: 978-7-5713-0192-7
000 00878nam0 2200253 450
001 012001006015
005 20131015104615.0
010    @a978-7-5713-0192-7@dCNY49.80
100    @a20190722d2019 em y0chiy50 ea
101 0  @achi
102    @aCN@b320000
105    @aa z 000yy
106    @ar
200 1  @a六步画水彩@9liu bu hua shui cai@i温馨生活日常绘@b专著@f陈晓杰主编@g夏在希著
210    @a南京@c江苏凤凰科学技术出版社@d2019
215    @a135页@c彩图@d23cm
300    @a介于手绘
330    @a本书重点突出用六步画出日常生活水彩绘。全书共有36个温馨生活的水彩技法讲解案例,包括美食、绿植和温馨的家居生活等。每个案例都是日常生活中的瞬间,充满了生活气息。
606 0  @a水彩画@x绘画技法
690    @aJ215@v5
701  0 @a陈晓杰@9chen xiao jie@f(198?-)@4主编
702  0 @a夏在希@9xia zai xi@4著
801  2 @aCN@b上海新华@c20191020
905    @b1098453-6@dJ215@e1035@f4
    
    六步画水彩.温馨生活日常绘/陈晓杰主编/夏在希著.-南京:江苏凤凰科学技术出版社,2019
    135页:彩图;23cm
    介于手绘
    
    ISBN 978-7-5713-0192-7:CNY49.80
    本书重点突出用六步画出日常生活水彩绘。全书共有36个温馨生活的水彩技法讲解案例,包括美食、绿植和温馨的家居生活等。每个案例都是日常生活中的瞬间,充满了生活气息。
●
相关链接 在E读中查询图书 在五车中查询图书 在当当中查询图书 在豆瓣中查询图书


正题名:六步画水彩     索取号:J215/1035         预约/预借

序号 登录号 条形码 馆藏地/架位号 状态 备注
1 1098453   210984531   第一样本阅览室/ [索取号:J215/1035] 在馆    
2 1098454   210984540   第一借阅区/ [索取号:J215/1035] 在馆    
3 1098455   210984559   第一借阅区/ [索取号:J215/1035] 在馆    
4 1098456   210984568   第一借阅区/ [索取号:J215/1035] 在馆    
唐山师范学院图书馆 欢迎您!
大连网信软件有限公司© 版权所有